New environmental impact assessment guidance (Record no. 71300)

MARC details
000 -LEADER
fixed length control field 01113cam a2200217 4500
001 - CONTROL NUMBER
control field WB3836-23
008 - FIXED-LENGTH DATA ELEMENTS--GENERAL INFORMATION
fixed length control field 021003n2002 000 0 eng u
035 ## - SYSTEM CONTROL NUMBER
System control number (Sirsi) u119988
245 ## - TITLE STATEMENT
Title New environmental impact assessment guidance
260 ## - PUBLICATION, DISTRIBUTION, ETC.
Date of publication, distribution, etc. 2002
490 ## - SERIES STATEMENT
Series statement RICS Minerals and Waste Management News
Volume/sequential designation 26 September 2002, (1)
520 ## - SUMMARY, ETC.
Summary, etc. New guidance implementing the latest amendments to the Environmental Impact directiive for development under the Town and Country Planning Act 1990 (HMSO website http://www.legislation.hmso.gov.uk/acts/acts1990/Ukpga_19900008_en_1.htm) is now in force. The guidance can be found in Circular 02/99 http://www.planning.odpm.gov.uk/circulars/02_99/intro.htm.
590 ## - LOCAL NOTE (RLIN)
Local note WB
650 ## - SUBJECT ADDED ENTRY--TOPICAL TERM
Topical term or geographic name entry element ENVIRONMENTAL IMPACT ASSESSMENTS
650 ## - SUBJECT ADDED ENTRY--TOPICAL TERM
Topical term or geographic name entry element GUIDANCE
650 ## - SUBJECT ADDED ENTRY--TOPICAL TERM
Topical term or geographic name entry element EU DIRECTIVES
650 ## - SUBJECT ADDED ENTRY--TOPICAL TERM
Topical term or geographic name entry element TOWN AND COUNTRY PLANNING ACT 1990
690 ## - LOCAL SUBJECT ADDED ENTRY--TOPICAL TERM (OCLC, RLIN)
Topical term or geographic name as entry element ENVIRONMENTAL AND LAND CONSULTANCY
856 ## - ELECTRONIC LOCATION AND ACCESS
Host name http://www.rics.org/ricscms/bin/show?class=News&template=/includes/shownews.html&id=3751&faculty=Minerals%20and%20Waste%20Management&faculty=All%20Faculties
942 ## - ADDED ENTRY ELEMENTS (KOHA)
Suppress in OPAC 0
Holdings
Withdrawn status Lost status Source of classification or shelving scheme Damaged status Not for loan Home library Current library Shelving location Date acquired Total Checkouts Full call number Barcode Date last seen Copy number Price effective from Koha item type
    Dewey Decimal Classification     London London News article 03/10/2002   WB3836-23 119988-1001 06/08/2019 1 06/08/2019 News article